000 00885nam a2200229Ia 4500
001 L262-18920
003 IT-CnALBA
008 170116s9999||||xx |||||||||||||| ||und||
040 _aIT-CnALBA
_cIT-CnALBA
041 _aITALIANO
100 _aSENZA AUTORE
245 0 _aOSSERVATORIO DELLE POVERTÀ. GUIDA OPERATIVA.
250 _a1a ed.
260 _a ROMA.
_bCARITAS ITALIANA
_c1991 [1° Ed.:1991 - Ed.Ling.Originale: 1991]
300 _a94 p. (prefazione: 2)
500 _aOBIETTIVI PASTORALI. ORGANIZZAZIONE. METODO. VERIFICA. INFORMAZIONI. BIBLIOGRAFIA. QUADERNO 42.
501 _aSocietà San Paolo EM - Piazza San Paolo, 14 - 12051 ALBA (CN) (non commercial uses only) ® Copyright 2017
520 _aOBIETTIVI PASTORALI. ORGANIZZAZIONE. METODO. VERIFICA. INFORMAZIONI. BIBLIOGRAFIA. QUADERNO 42.
650 _aECCLESIOLOGIA
942 _cBK
957 _71
999 _a23659
_bNO
_g Copie: 1
_c278041
_d278041